000 00647cam a22002171 4500
001 he 67000185
003 DLC
005 20260227111443.0
008 880623r19631860nyu 000 0 hebr
010 _ahe 67000185
035 _a(OCoLC)18126834
040 _aDLC
_cCoDU
_dCoDU
_dDLC
042 _apremarc
050 0 0 _aBM522.55
_b.H6 1860a
100 0 _aJoshua Höschel ben Joseph,
_dapproximately 1578-1648.
245 1 0 _aPene Yehoshuʻa,
_bsheʼelot u-teshuvot leha-Rav Yehoshuʻa ...
260 _aNyu Yorḳ,
_bD. Shṿarts
_c[1963?]
300 _a2 v. in 1.
_c35 cm.
500 _aPhoto-offset of Lemberg, 1860 ed.
650 0 _aResponsa.
999 _c32104
_d32104